000 00636cam a22002052 4500
001 0000020962
005 20151021152601.0
008 120105s xx 000 0 eng d
020 _a1439080534 :
040 _aKABU
_cKABU
100 1 _aAllen, Kathleen R.
_@0000181636
245 1 0 _aNew venture creation :
_ban entrepreneurial approach /
_cKathleen R. Allen.
250 _a5th ed.
260 _aMason, OH :
_bSouth-Western,
_c2010.
300 _axvii, 461 p.
650 0 _aNew business enterprises.
_@0000157572
852 1 _9p3390 KES
908 _a120105
950 _@1
999 _c1557
_d1557